000 01431nam a2200445 c 4500
001 12572
003 ES-MaCES
005 20150925133411.0
008 010806s2001 sp t 000 | spa d
017 _aM 27251-2001
_bDL
020 _a8447016021
035 _aCES20010012115m
040 _aES-MaCES
_bspa
_cES-MaCES
100 1 _aHierro Anibarro, Santiago
_914819
245 1 3 _aEl nuevo mercado de valores tecnológicos
_cSantiago Hierro Anibarro ; prólogo, Antonio Pérez de la Cruz Blanco
250 _a1ª ed
260 _aMadrid
_bCivitas
_c2001
300 _a381 p.
_c22 cm
490 1 _aEstudios de derecho mercantil
_v51
504 _aBibliografía: p. 355-381
541 _cCompra
650 4 _amercado financiero
_928150
650 4 _aglobalización económica
_930653
650 4 _avalores bursátiles
_930705
650 4 _anuevas tecnologías
_930788
650 4 _atecnología de la información
_930104
650 4 _aInternet
_930572
650 4 _aEstados Unidos
_928373
650 4 _aEspaña
_926964
650 4 _aEuropa
_926940
650 4 _aestudio de casos
_928846
650 4 _arégimen jurídico
_929894
653 1 0 _aFinanciación
650 4 _928178
_aempresa
700 1 _aPérez de la Cruz Blanco, Antonio
_ecol.
_920742
830 0 _aEstudios de derecho mercantil
_v51
_932653
902 _aLIB Libro
942 _2CES
_cBK
_h0.0.
999 _c12572
_d12572